00472nam a2200169Ia 4500008004100000100001900041245005400060245001800114260002000132260000900152300001300161440002000174650002400194650002600218650003000244650002800274190912s9999 xx 000 0 und d aMabasa, Roy C. aKuwaiti delegation to visit Manila for OFW talks/ cRoy C. Mabasa bManila Bulletin c2017 aMarch 14 aManila Bulletin ahousehold employees aKuwait (Western Asia) aOverseas Filipino Workers aPolitics -- Philippines